Movies Quiz

Random Movies or Actor Quiz

James Bond Actors Quiz Stats

 Plays Quiz Updated Jul 6, 2018

Score 0/6 Timer 01:30
1 Play Today
Actor % Correct
Sean Connery
97.4%
Pierce Brosnan
91.7%
Daniel Craig
89.5%
Roger Moore
87.5%
Timothy Dalton
73.9%
George Lazenby
57.4%

You're not logged in!

Compare scores with friends on all Sporcle quizzes.
OR
Log In

Show Comments

Extras

Top Quizzes Today


Score Distribution

Your Account Isn't Verified!

In order to create a playlist on Sporcle, you need to verify the email address you used during registration. Go to your Sporcle Settings to finish the process.

Report this User

Report this user for behavior that violates our Community Guidelines.

Details: